Central Library OPAC University of Rajshahi

The Shakespearean ethic / (Record no. 18357)

MARC details
000 -LEADER
fixed length control field 00776cam a2200265 4500
001 - CONTROL NUMBER
control field 18357
003 - CONTROL NUMBER IDENTIFIER
rucl marc code BD-RjUL
005 - DATE AND TIME OF LATEST TRANSACTION
control field 20211209000256.0
008 - FIXED-LENGTH DATA ELEMENTS--GENERAL INFORMATION
fixed length control field 140220t19681959nyu 001 0 eng
035 ## - SYSTEM CONTROL NUMBER
System control number (BD-RjUL)18415
040 ## - CATALOGING SOURCE
Original cataloging agency DLC
Transcribing agency DLC
Modifying agency DLC
Language of cataloging eng
041 ## - LANGUAGE CODE
Language code of text/sound track or separate title eng
082 00 - DEWEY DECIMAL CLASSIFICATION NUMBER
Classification number 822.33
Author mark and year VYS 1968
100 1# - MAIN ENTRY--PERSONAL NAME
Personal name Vyvyan, John.
9 (RLIN) 56530
245 14 - TITLE STATEMENT
Title The Shakespearean ethic /
Statement of responsibility, etc. John Vyvyan,
260 ## - PUBLICATION, DISTRIBUTION, ETC. (IMPRINT)
Place of publication, distribution, etc. New York :
Name of publisher, distributor, etc. Barnes & Noble,
Date of publication, distribution, etc. [1968, c1959]
300 ## - PHYSICAL DESCRIPTION
Pagination 207 p. ;
Size 23 cm.
504 ## - BIBLIOGRAPHY, ETC. NOTE
Bibliography, etc Includes index
600 10 - SUBJECT ADDED ENTRY--PERSONAL NAME
Personal name Shakespeare, William,
Dates associated with a name 1564-1616
General subdivision Ethics.
650 #0 - SUBJECT ADDED ENTRY--TOPICAL TERM
Topical term or geographic name as entry element Didactic drama, English
General subdivision History and criticism.
9 (RLIN) 54608
Topical term or geographic name as entry element Ethics in literature.
9 (RLIN) 55456
942 ## - ADDED ENTRY ELEMENTS (KOHA)
Source of classification or shelving scheme Dewey Decimal Classification
Koha item type Books
Holdings
Lost status Source of classification or shelving scheme Damaged status Not for loan Collection code Permanent Location Current Location Shelving location Date acquired Source of acquisition Cost, normal purchase price Total Checkouts Full call number Date last seen Copy number Koha item type
  Dewey Decimal Classification     Fiction Central Library, University of Rajshahi Central Library, University of Rajshahi   06/03/1973 Black well 1.50   822.33 VYS 1968 20/02/2014 C-2 Books
  Dewey Decimal Classification     Non-fiction Central Library, University of Rajshahi Central Library, University of Rajshahi   09/01/1970 Swets & zeitlinger 25.00   822.33 VYS 1968 09/11/2016 C-3 Books